|
|
|
|
| LEADER |
00997nam a2200277 u 4500 |
| 001 |
10119396 |
| 003 |
upatras |
| 005 |
20210117205754.0 |
| 008 |
160310s1966 us eng |
| 020 |
|
|
|a 0205002714
|
| 040 |
|
|
|a GR-PaULI
|c GR-PaULI
|
| 041 |
0 |
|
|a eng
|
| 082 |
0 |
4 |
|a 514
|
| 100 |
1 |
|
|a Dugundji, James
|4 aut
|9 41643
|
| 245 |
1 |
0 |
|a Topology
|c James Dugundji
|
| 260 |
|
|
|a Boston
|b Allyn and Bacon
|c 1966
|
| 300 |
|
|
|a xvi, 447 σ.
|c 23 εκ.
|
| 490 |
0 |
|
|a Allyn and Bacon series in advanced mathematics
|
| 500 |
|
|
|a Περιέχει ευρετήριο
|
| 650 |
|
4 |
|a Τοπολογία
|9 109
|
| 760 |
0 |
|
|a Allyn and Bacon series in advanced mathematics
|
| 852 |
|
|
|a GR-PaULI
|b ΠΑΤΡΑ
|b ΒΚΠ
|b ΒΣ1
|k ΑΣΧΞ
|h 514 DUG
|m 123388
|p 025000241633
|t 1
|
| 942 |
|
|
|2 ddc
|c BK15
|
| 952 |
|
|
|0 0
|1 0
|4 0
|6 514_000000000000000_DUG
|7 0
|9 190142
|a LISP
|b LISP
|c BSC
|d 2016-04-24
|i 123388
|l 0
|o 514 DUG
|p 025000241633
|r 2016-04-24 00:00:00
|t 1
|w 2016-04-24
|y BK15
|
| 998 |
|
|
|c ΜΠΟΥΡΑΣ
|d 2016-03
|
| 999 |
|
|
|c 117093
|d 117093
|